000 00786nam a2200253Ia 4500
003 OSt
005 20220918172458.0
006 a|||||r|||| 00| 0
007 ta
008 220917b |||||||| |||| 00| 0 eng d
024 _a1,099
037 _cTextual
040 _aARTS
_cARTS
_beng
041 _2eng
_aeng
082 _aQ70Y1, K1 (906)-;1-;2-;3 (Y1)
100 _aWatt W Montgomery
_920589
245 0 _aIslam and the integration of society
260 _aLondon
_bRoutledge and Kegan Paul
_c1961
300 _aix,293+13p.
_ccm.
490 _aInternational library of sociology and social reconstruction ed by W J H Sprott
650 _aRELIGION
942 _hQ70Y1, K1 (906)-;1-;2-;3 (Y1)
_cTEXL
_2CC
999 _c144129
_d144129